Anagrammes villes françaises Série 03 - Statistiques

Statistiques générales
  • Ce quiz a été pris 149 fois
  • Le résultat moyen est 5 sur 10
Statistiques - réponses
Anagramme Ville % Correct
nels Lens
97%
remailles Marseille
60%
vaine Evian
59%
englober Grenoble
57%
manies Amiens
54%
gliomes Limoges
52%
audio Douai
40%
saleron Orléans
35%
Bastien Antibes
22%
litorne Lorient
14%
Aucun quiz correspondant
Distribution des résultats
% des personnes avec chaque résultat
Percentile par nombre de réponses
Votre historique - résultats
Vous n’avez pas pris ce quiz